|
|
|
|
| LEADER |
01452nas a2200409 a 4500 |
| 001 |
c000182701 |
| 003 |
CARM |
| 005 |
20221109175932.0 |
| 008 |
951013d19951995vrafr3p r 0 a0eng d |
| 019 |
1 |
|
|a 11855438
|5 LACONCORD2021
|
| 022 |
0 |
|
|a 1324-5341
|
| 024 |
8 |
|
|a ISSN/JUN2003
|
| 035 |
|
|
|a (OCoLC)221747572
|5 LACONCORD2021
|
| 040 |
|
|
|a VSL
|b eng
|c VSL
|d ANL-S
|
| 042 |
|
|
|a anuc
|
| 043 |
|
|
|a u-at---
|
| 082 |
0 |
4 |
|a 919.40025
|2 20
|
| 210 |
0 |
|
|a Who's run. Aust
|
| 222 |
|
0 |
|a Who's running Australia
|
| 245 |
0 |
0 |
|a Who's running Australia.
|
| 260 |
|
|
|a Scoresby, Vic. :
|b Media Link Promotions Pty. Ltd.,
|c 1995.
|
| 300 |
|
|
|a v. ;
|c 30 cm.
|
| 310 |
|
|
|a Semiannial
|
| 362 |
0 |
|
|a Vol. 1 (1995)-
|
| 583 |
|
|
|a ISSN registration
|b 01
|c 19951013
|c 20030610
|5 ANL
|
| 650 |
|
0 |
|a Legislators
|z Australia
|v Directories.
|
| 650 |
|
0 |
|a Government executives
|z Australia
|v Directories.
|
| 650 |
|
0 |
|a Directors of corporations
|z Australia
|v Directories.
|
| 650 |
|
0 |
|a Labor leaders
|z Australia
|v Directories.
|
| 650 |
|
0 |
|a Mass media
|z Australia
|v Directories.
|
| 650 |
|
0 |
|a Lobbyists
|z Australia
|v Directories.
|
| 610 |
1 |
0 |
|a Australia
|v Directories.
|
| 852 |
8 |
|
|b CARM
|h AX:AXXXXX
|i X00000
|p 0249927
|j 1(1995)
|z no loc
|f SE
|
| 866 |
|
0 |
|a 1(1995)
|
| 866 |
|
0 |
|a 1(1995)
|
| 999 |
f |
f |
|i a4b76b33-774b-5558-81ea-6e9c39235e14
|s eea93e37-face-5156-9cbc-27348051b810
|
| 952 |
f |
f |
|p Can circulate
|a CAVAL
|b CAVAL
|c CAVAL
|d CARM 1 Store
|e X00000
|f AX:AXXXXX
|h Other scheme
|i book
|k 1(1995)
|m 0249927
|